000 00301nam a2200121Ia 4500
005 20251222144751.0
008 251222s9999||||xx |||||||||||||| ||spa||
082 _a254.1/D98
100 _aDurand Florez, Ricardo
245 0 _aPara que tengan vida más abundante
264 _bAci-Libros
942 _cLIB
999 _c19363
_d19363